000 00894cab a2200229 4500
001 WB3139-42
008 090401t1995 xxu||||| |||| 00| 0 eng d
035 _a(Sirsi) u2901
041 _aeng
245 _aRepossessed property not undervalued
260 _c1995
350 _a0
490 _aEstates Gazette Case Summaries
_v1995 EGCS 144(1) (14 October 1995)
520 _aIn "Minah v Bank of Ireland" QBD 3 October 1995 it was decided that the Bank did not err in selling property for £39,000, in employing two estate agents or clearing the property ; plaintiff alleges property was undervalued, fees paid to two estate agents were unjustified, and he had suffered loss of personal effects.
650 _aJOINT AGENCY
650 _aMINAH V BANK OF IRELAND
650 _aREPOSSESSIONS
650 _aUNDER-VALUATION
690 _aLAW-CASE LAW
942 _n0
948 _c04/03/1997
999 _c1746
_d1746